Arquitectura universal : gótico /
Historia y crítica de la arquitectura gótica, la cual abarca un período muy variado, heterogéneo y rico en contradicciones en los terrenos político, social e intelectual. La época gótica son tres siglos que a su vez se dividen en tres fases distintas: la de transición, la de la edificación de grande...
Gespeichert in:
| 1. Verfasser: | |
|---|---|
| Format: | Buch |
| Sprache: | Spanisch |
| Veröffentlicht: |
Barcelona, España :
Garriga,
1970, c1970
|
| Schriftenreihe: | (Arquitectura Universal ;
9) |
| Schlagworte: | |
| Tags: |
Keine Tags, Fügen Sie das erste Tag hinzu!
|
MARC
| LEADER | 00000nam^a2200000^a^4500 | ||
|---|---|---|---|
| 001 | 000125181 | ||
| 005 | 20250521000000.0 | ||
| 009 | 20260310094639.637 | ||
| 037 | |a Acervo ITESO - Biblioteca | ||
| 041 | |a ESP | ||
| 082 | |a 720. 9 |b ARQ V. 9 | ||
| 100 | |a Hofstätter, Hans H. |e (autor) | ||
| 240 | 1 | 1 | |a [Arquitectura universal] |
| 245 | 1 | 0 | |a Arquitectura universal : |b gótico / |c H.H. Hofstätter ; fotografía de René Bersier ; pról. de Guy Desbarats. |
| 264 | 4 | |a Barcelona, España : |b Garriga, |c 1970, c1970 | |
| 300 | |a 192 p. | ||
| 336 | |a texto |b txt |2 rdacontenido | ||
| 337 | |a sin mediación |b n |2 rdamedio | ||
| 338 | |a volumen |b nc |2 rdasoporte | ||
| 440 | 1 | |a (Arquitectura Universal ; |v 9) | |
| 520 | |a Historia y crítica de la arquitectura gótica, la cual abarca un período muy variado, heterogéneo y rico en contradicciones en los terrenos político, social e intelectual. La época gótica son tres siglos que a su vez se dividen en tres fases distintas: la de transición, la de la edificación de grandes catedrales y la última que plantea espacios reducidos, homogéneos, que pueden abarcarse de una hojeada. | ||
| 649 | |a XX | ||
| 650 | |a Catedrales - |z Europa - |x Historia y Crítica | ||
| 650 | |a Arquitectura Gótica - |x Historia y Crítica - |x Tema Principal | ||
| 650 | |a Arquitectura Medieval - |x Historia y Crítica | ||
| 650 | |a Arquitectura Religiosa - |z Europa - |x Historia y Crítica | ||
| 650 | |a Arquitectura Religiosa - |x Historia y Crítica | ||
| 650 | |a Arquitectura Europea - |x Historia y Crítica | ||
| 650 | |a Arte Gótico - |x Historia y Crítica | ||
| 650 | |a Arte Medieval - |x Historia y Crítica | ||
| 650 | |a Arte Religioso - |z Europa - |x Historia y Crítica | ||
| 650 | |a Arte Religioso - |x Historia y Crítica | ||
| 650 | |a Arte Europeo - |x Historia y Crítica | ||
| 910 | |a Fondo Salvador Reynoso Reynoso | ||
| 920 | |a Impresos - Libros | ||
| 930 | |a Fondos Especiales | ||
| 905 | |a 112 | ||
| 901 | |a 0800008014 |b IT2 |c ESP |u 20250521 | ||
| 902 | |a https://opac.biblio.iteso.mx/vufind/Record/000125181 | ||